Female World Leaders by Picture - Statistics

General Stats
  • This quiz has been taken 59 times
  • The average score is 9 of 24
Answer Stats
Picture Hint Answer % Correct
🇬🇧: 1979-1990 Margaret Thatcher
94%
🇩🇪: 2005-2021 Angela Merkel
90%
🇮🇳: 1966-77, 1980-84 Indira Gandhi
82%
🇬🇧: 2016-2019 Theresa May
78%
🇮🇱: 1969-1974 Golda Meir
76%
🇵🇰: 1988-90, 1993-96 Benazir Bhutto
65%
🇬🇧: 2022 Liz Truss
61%
🇦🇷: 1974-1976 Isabel Perón
59%
🇳🇿: 2017-2023 Jacinda Ardern
41%
🇵🇭: 1986-1992 Corazon Aquino
37%
🇧🇷: 2011-2016 Dilma Rousseff
35%
🇦🇷: 2007-2015 Cristina Fernández de Kirchner
27%
🇫🇮: 2019-2023 Sanna Marin
27%
🇲🇲: 2016-2021 Aung San Suu Kyi
24%
🇧🇩: 1996-01, 2009-24 Sheikh Hasina
24%
🇰🇷: 2013-2017 Park Geun-hye
20%
🇧🇩: 1991-96, 2001-06 Khaleda Zia
18%
🇮🇪: 1990-1997 Mary Robinson
18%
🇱🇷: 2006-2018 Ellen Johnson Sirleaf
14%
🇮🇪: 1997-2011 Mary McAleese
10%
🇮🇸: 1980-1996 Vigdís Finnbogadóttir
10%
🇵🇭: 2001-2010 Gloria Macapagal Arroyo
8%
🇮🇩: 2001-2004 Megawati Sukarnoputri
8%
🇱🇰: 1960-65, 1970-77 Sirimavo Bandaranaike
8%
No matching quizzes found
Score Distribution
Percent of People with Each Score
Percentile by Number Answered
Your Score History
You have not taken this quiz